Текст томруулах:    
Technology today and tomorrow (Бичлэгийн дугаар. 145919)
000 -УДИРДЛАГА
Удирдлага 00752nam a22002777a 4500
003 - ХЯНАЛТЫН ТОО ТОДОРХОЙЛОГЧ
Код MN-UlNUM
005 - БИЧИЛТ ХИЙСЭН ОГНОО
Тухайн бичилтийг бичсэн засварласан сүүлийн огноо 20251212151831.0
008 - ЕРӨНХИЙ МЭДЭЭЛЭЛ
Ерөнхий мэдээлэл 251212s1988 caua 001 0 eng
020 ## - ISBN
ISBN 0026770202
-- 0026770200
040 ## - БИЧЛЭГ ҮҮСГЭГЧ БАЙГУУЛЛАГА
Бичлэг үүсгэгч номын сангийн код МУИС-ийн номын сан
084 ## - ББК АНГИЛАЛ
Нэмэлт тусгалт Сурах бичиг
ББК ангилал 30
Зохиогчийн гурван тэмдэгт F 19
Мэдлэгийн ялгаа 3 - Техник
100 ## - ЗОХИОГЧ
Зохиогчийн нэр Fales, James
245 ## - ҮНДСЭН ГАРЧИГ
Номын нэр Technology today and tomorrow
250 ## - ДАХИН ХЭВЛЭЛТ
Дахин гаралтын дугаар Teacher's annotated edition
260 ## - ГАРАЛТЫН МЭДЭЭ
Хэвлэгдсэн газар Mission Hills, Calif
Хэвлэлийн газар Glencoe Pub. Co
Хэвлэгдсэн он 1988
300 ## - МАТЕРИАЛЫН ТОДОРХОЙЛОЛТ
хуудасны тоо 72, 448 p. :
Бусад тоон мэдээлэл ill. (some col.) ;
Хэмжээ 24 cm
500 ## - Тайлбар
Дансны дугаар БС 4344
546 ## - ХЭЛНИЙ ТУХАЙ МЭДЭЭ
Хэл Англи хэл дээр,
653 ## - Түлхүүр үг
Түлхүүр үг technology
653 ## - Түлхүүр үг
Түлхүүр үг study and teaching
700 ## - ХАМ ЗОХИОГЧИД
Ба бус Kuetemeyer, Vincent F
700 ## - ХАМ ЗОХИОГЧИД
Ба бус Brusic, Sharon
942 ## - ЭЛЕМЕНТИЙН ТӨРӨЛ
Зүйлийн төрөл Ном